000 00578nam a22002057a 4500
999 _c6756
_d6756
001 6756
003 BD-JhCC
005 20180422182057.0
008 180129b xxu||||| |||| 00| 0 eng d
035 _a(BD-JhCC)6756
040 _aBD-JhCC
_dBD-JhCC
041 _aeng
082 _a512
_bHIG 2008
245 _aA Text Book On Higher Algebra :
_bTrigonometry, modern algebra & vector space /
_cA. M. M. Sahiduollah, P. K. Bhattacharjee
260 _aDhaka :
_bGonith Prokashoni ,
_c2008.
300 _a176p. ;
_c25 cm.
650 _aAlgebra
942 _2ddc
_cBK